| 000 | 00746nam a22001937a 4500 | ||
|---|---|---|---|
| 005 | 20260211144441.0 | ||
| 010 | _aHIN-131067 | ||
| 020 |
_a9789392175015 _c125.00 |
||
| 035 | _aHN-103413 | ||
| 037 | _bDBAD | ||
| 082 | _a821.08 | ||
| 100 |
_aनगेन्द्र _987299 |
||
| 245 |
_aसाकेत एक अध्ययन / _cनगेन्द्र |
||
| 260 |
_aनई दिल्ली _bनेशनल पब्लिशिंग कंपनी _c2024 |
||
| 270 |
_a4226/1, अंसारी रोड, दरियागंज, _bनई दिल्ली _e110002 |
||
| 300 |
_a129पृ. _c22सेमी (सजिल्द) |
||
| 942 |
_2ddc _cHN _h821.08 _mनगेन्द्र |
||
| 999 |
_c214806 _d214806 |
||